01029 2200361 4500001002100000005001500021035002000036007000300056040001700059100002900076245002400105250001000129300003900139041000800178082000800186084001400194090001800208264003600226336002100262337003000283338002300313650001900336850001000355008004100365500002900406700004400435700004300479990002900522990002900551990002900580990002900609990002900638INLIS00000000000502120260515075432 a0010-0222000111ta aSBPUPADbind1 aKutut SuwondoePengarang1 aPemilu dalam Poster aCet.1 a142 hal. :billus. ;c21,3x20,4 cm0 aind a324 a324 SUW p a324 SUW p 3 6 aJawa Tengah :bMuliasari,c1987 2rdacontentaTeks 2rdamediaaTanpa Perantara 2rdacarrieraVolume 4aPemilihan Umum aPUPAD260515 0  aTentang Penulis, hlm 1430 aPenyusun ke-2, Arief BudimanePengarang0 apenyusub ke-3, Pradjarta DSePengarang a00554A/BR/ARPUS-PDG/2005 a00554B/BR/ARPUS-PDG/2005 a00554C/BR/ARPUS-PDG/2005 a00554C/BR/ARPUS-PDG/2005 a00554B/BR/ARPUS-PDG/2005